| 000 | 00396nam a2200145Ia 4500 | ||
|---|---|---|---|
| 008 | 200103s9999||||xx |||||||||||||| ||und|| | ||
| 020 | _a0713132531, | ||
| 040 | _aIMU-MPC | ||
| 082 | _aColumn-31 | ||
| 100 | _aHannah, John and Stephens, R. C. | ||
| 245 | 0 | _aMachanics of Machines: Advanced theory and Examples | |
| 260 |
_bEdward Arnold & Co., London _c1972 |
||
| 300 | _aviii, 456 | ||
| 942 | _cBK | ||
| 999 |
_c7489 _d7489 |
||